[Event "Canadian op 48th"]
[Site "Toronto"]
[Date "2011.07.14"]
[Round "6"]
[White "Barrios, Felix"]
[Black "Olheiser, Gordon"]
[Result "1/2-1/2"]
[WhiteElo "2202"]
[BlackElo "1926"]
[PlyCount "35"]
[EventDate "2011.07.09"]
[EventType "swiss"]
[EventRounds "9"]
[EventCountry "CAN"]
[SourceTitle "CBM 143 Extra"]
[Source "ChessBase"]
[SourceDate "2011.08.29"]
[SourceVersion "1"]
[SourceVersionDate "2011.08.29"]
[SourceQuality "1"]

1. d4 e6 2. Bf4 f5 3. e3 Nf6 4. Bd3 d5 5. Nf3 Bd6 6. 0-0 0-0 7. Nbd2 Ne4 8. Bxd6 Qxd6 9. c4 c6 10. c5 Qc7 11. b4 Nd7 12. Qc2 e5 13. Nxe5 Nxe5 14. dxe5 Qxe5 15. Nf3 Qe7 16. Rae1 g6 17. Nd4 Bd7 18. f3 1/2-1/2

[Event "Canadian op 48th"]
[Site "Toronto"]
[Date "2011.07.12"]
[Round "4"]
[White "Barrios, Felix"]
[Black "Gladstone, Simon"]
[Result "1/2-1/2"]
[WhiteElo "2172"]
[BlackElo "1935"]
[PlyCount "97"]
[EventDate "2011.07.09"]
[EventType "swiss"]
[EventRounds "9"]
[EventCountry "CAN"]
[SourceTitle "EXT 2022"]
[Source "ChessBase"]
[SourceDate "2021.10.06"]
[SourceVersion "1"]
[SourceVersionDate "2021.10.06"]
[SourceQuality "1"]

1. d4 e6 2. Bf4 Nf6 3. e3 c5 4. Nd2 Nc6 5. c3 d5 6. Bd3 cxd4 7. exd4 Bd6 8. Bxd6 Qxd6 9. Qe2 0-0 10. Ngf3 Bd7 11. 0-0 a6 12. Ne5 Rac8 13. a4 Ne7 14. f4 Qb6 15. Ndf3 Bc6 16. Ng5 h6 17. Ngf3 Ne4 18. Nxc6 Nxc6 19. Bxe4 dxe4 20. Ne5 Rcd8 21. Nc4 Qc7 22. Nd2 f5 23. Qc4 Qd6 24. Nb3 Qd5 25. Qxd5 exd5 26. Nc5 Rf7 27. a5 Na7 28. Kf2 Nb5 29. Ke3 Nd6 30. b3 Nb5 31. Rac1 Rd6 32. Rf2 g5 33. g3 g4 34. Rd2 Rc7 35. c4 Na7 36. Rdc2 Kf7 37. Na4 Nc6 38. Nb6 dxc4 39. Rxc4 Re7 40. Nc8 Red7 41. Nxd6+ Rxd6 42. b4 Ke6 43. Rb1 Na7 44. Rc7 Nb5 45. Rxb7 Rxd4 46. Rb3 Rd1 47. Rb2 Rd3+ 48. Kf2 Nd4 49. Rb8 1/2-1/2

[Event "Ontario-ch op 64th"]
[Site "Toronto"]
[Date "2010.05.22"]
[Round "2"]
[White "Barrios, Felix"]
[Black "Kagramanov, Dalia"]
[Result "1-0"]
[WhiteElo "2218"]
[BlackElo "1868"]
[PlyCount "101"]
[EventDate "2010.05.22"]
[EventType "swiss"]
[EventRounds "6"]
[EventCountry "CAN"]
[SourceTitle "CBM 136 Extra"]
[Source "ChessBase"]
[SourceDate "2010.07.02"]
[SourceVersion "2"]
[SourceVersionDate "2010.07.15"]
[SourceQuality "1"]

1. d4 Nf6 2. c4 g6 3. Nc3 Bg7 4. e4 d6 5. Bg5 Nbd7 6. f3 c5 7. d5 0-0 8. Qd2 a6 9. a4 Qb6 10. Be2 Re8 11. Nh3 Nf8 12. Nf2 e6 13. 0-0 N6d7 14. Ng4 Bd4+ 15. Kh1 h5 16. Ne3 Nh7 17. Bh4 Ndf6 18. Ned1 Kg7 19. a5 Qc7 20. Na4 Rb8 21. Rb1 Nd7 22. b4 e5 23. Ndb2 b5 24. axb6 Nxb6 25. bxc5 dxc5 26. Nc3 Bd7 27. Ra1 Ra8 28. Ra3 Reb8 29. g4 hxg4 30. fxg4 f6 31. Ncd1 g5 32. Rh3 Rh8 33. Be1 Qc8 34. Ne3 a5 35. Nf5+ Bxf5 36. gxf5 a4 37. Ra3 Qb8 38. Nd1 Nf8 39. Nc3 Nfd7 40. Nb5 Rh6 41. Bg3 Qc8 42. Qc1 Rh8 43. Rff3 Rh6 44. Ra2 Rh8 45. Bd1 Ra5 46. Rfa3 Nxd5 47. exd5 e4 48. Nd6 Qa6 49. Rxa4 Rxa4 50. Rxa4 Qb6 51. Nxe4 1-0

[Event "Toronto PWC op"]
[Site "Toronto"]
[Date "2009.04.19"]
[Round "5"]
[White "Barrios, Felix"]
[Black "Humphreys, Michael"]
[Result "1-0"]
[WhiteElo "2244"]
[BlackElo "1999"]
[PlyCount "75"]
[EventDate "2009.04.17"]
[EventType "swiss"]
[EventRounds "5"]
[EventCountry "CAN"]
[SourceTitle "CBM 129 Extra"]
[Source "ChessBase"]
[SourceDate "2009.05.05"]
[SourceVersion "2"]
[SourceVersionDate "2009.05.20"]
[SourceQuality "1"]

1. d4 Nf6 2. c4 g6 3. Nc3 d5 4. cxd5 Nxd5 5. Bd2 Bg7 6. e4 Nb6 7. Be3 0-0 8. Bb5 Qd6 9. Nge2 Nc6 10. Bxc6 Qxc6 11. Rc1 Nc4 12. Nd5 Nxe3 13. fxe3 Qd6 14. Nxc7 Rb8 15. 0-0 Bg4 16. h3 Bd7 17. e5 Qb6 18. Nd5 Qxb2 19. Nxe7+ Kh8 20. Nc3 Bh6 21. Qf3 Rbe8 22. Qf6+ Bg7 23. Qh4 Qd2 24. Ned5 Bc6 25. Rcd1 Qb2 26. Rf2 Qa3 27. Rdf1 Rd8 28. e4 Bxd5 29. Nxd5 Qd3 30. Nf6 h6 31. d5 Qd4 32. Qf4 b5 33. Kh1 g5 34. Qf5 Bxf6 35. Qxf6+ Kh7 36. Qe7 Rde8 37. Rxf7+ Kg6 38. Qf6+ 1-0

[Event "Toronto PWC op"]
[Site "Toronto"]
[Date "2009.04.18"]
[Round "2"]
[White "Friedel, Joshua E"]
[Black "Barrios, Felix"]
[Result "1-0"]
[WhiteElo "2516"]
[BlackElo "2244"]
[PlyCount "45"]
[EventDate "2009.04.17"]
[EventType "swiss"]
[EventRounds "5"]
[EventCountry "CAN"]
[SourceTitle "CBM 129 Extra"]
[Source "ChessBase"]
[SourceDate "2009.05.05"]
[SourceVersion "2"]
[SourceVersionDate "2009.05.20"]
[SourceQuality "1"]

1. e4 b6 2. d4 Bb7 3. Bd3 Nf6 4. Qe2 Nc6 5. c3 e5 6. Nf3 exd4 7. e5 Nd5 8. Be4 Nde7 9. 0-0 dxc3 10. Nxc3 Qc8 11. Rd1 Nd8 12. Nd4 Ne6 13. Nxe6 dxe6 14. Bg5 h6 15. Rac1 a6 16. Bh4 g5 17. Qf3 Ra7 18. Bxb7 Qxb7 19. Ne4 Nd5 20. Nf6+ Nxf6 21. Qxf6 Ra8 22. Bxg5 hxg5 23. Qxh8 1-0

[Event "North American op 16th"]
[Site "Las Vegas"]
[Date "2006.12.27"]
[Round "3"]
[White "Boekhoff, Andrew"]
[Black "Barrios, Felix"]
[Result "1-0"]
[WhiteElo "2288"]
[BlackElo "2350"]
[PlyCount "65"]
[EventDate "2006.12.26"]
[EventType "swiss"]
[EventRounds "9"]
[EventCountry "USA"]
[SourceTitle "CBM 116 Extra"]
[Source "ChessBase"]
[SourceDate "2007.03.07"]
[SourceVersion "1"]
[SourceVersionDate "2007.03.07"]
[SourceQuality "1"]

1. d4 Nf6 2. c4 c5 3. d5 b5 4. Nf3 g6 5. Qc2 b4 6. a3 bxa3 7. Rxa3 Bg7 8. e4 d6 9. Nc3 0-0 10. h3 e6 11. Be2 Na6 12. 0-0 Nb4 13. Qd1 exd5 14. cxd5 Re8 15. Nd2 a5 16. Re1 h6 17. Bf1 Nh5 18. Bb5 Re7 19. Nc4 f5 20. e5 dxe5 21. d6 Re6 22. d7 Bb7 23. Nd6 Rxd6 24. Qxd6 Kh7 25. Rxe5 Bxe5 26. Qxe5 Bc6 27. Bxc6 Nxc6 28. Qd6 Nd4 29. Nd5 Ra7 30. Ne7 Ne2+ 31. Kf1 Nef4 32. Bxf4 Nxf4 33. Rd3 1-0

[Event "Cartagena Champions Cup"]
[Site "Cartagena"]
[Date "2001.09.29"]
[Round "2"]
[White "Garcia, Gildardo"]
[Black "Barrios, Felix"]
[Result "1-0"]
[WhiteElo "2490"]
[BlackElo "2238"]
[PlyCount "29"]
[EventDate "2001.09.29"]
[EventType "swiss"]
[EventRounds "9"]
[EventCountry "COL"]
[SourceTitle "CBM 084 Extra"]
[Source "ChessBase"]
[SourceDate "2001.10.26"]
[SourceVersion "1"]
[SourceVersionDate "2001.10.26"]
[SourceQuality "1"]

1. e4 c5 2. Nf3 e6 3. c3 d5 4. exd5 exd5 5. d4 Nc6 6. Bb5 Bd6 7. 0-0 h6 8. c4 a6 9. Bxc6+ bxc6 10. dxc5 Bxc5 11. Qa4 Ne7 12. cxd5 Qxd5 13. Nc3 Qh5 14. Re1 Bf5 15. Qxc6+ 1-0

[Event "American Continental 01st"]
[Site "Cali"]
[Date "2001.08.14"]
[Round "5"]
[White "Barrios, Felix"]
[Black "Mendoza, Rafael Enrique"]
[Result "0-1"]
[WhiteElo "2238"]
[BlackElo "2357"]
[PlyCount "114"]
[EventDate "2001.08.09"]
[EventType "swiss"]
[EventRounds "11"]
[EventCountry "COL"]
[SourceTitle "CBM 083 Extra"]
[Source "ChessBase"]
[SourceDate "2001.09.11"]
[SourceVersion "1"]
[SourceVersionDate "2001.09.11"]
[SourceQuality "1"]

1. Nf3 f5 2. d4 Nf6 3. g3 e6 4. Bg2 d5 5. c4 c6 6. 0-0 Bd6 7. Qc2 0-0 8. Bf4 Bxf4 9. gxf4 Ne4 10. Nc3 Nd7 11. e3 Qf6 12. Nxe4 fxe4 13. Nd2 Qh6 14. f3 Nf6 15. Rac1 exf3 16. Rxf3 Nh5 17. Rf2 Bd7 18. Nf3 Be8 19. Ne5 g6 20. Rf3 Qg7 21. Kh1 Qe7 22. Rg1 Ng7 23. c5 b6 24. b4 a5 25. a3 axb4 26. axb4 bxc5 27. Qxc5 Qxc5 28. bxc5 Ra3 29. Bh3 Kh8 30. Rb1 g5 31. fxg5 Rxf3 32. Nxf3 Rxe3 33. Bg4 Kg8 34. Rb8 Kf8 35. Kg2 Ke7 36. Rb7+ Kf8 37. Kf2 Re4 38. h3 Rf4 39. Rc7 Re4 40. Kg3 Re3 41. Kf2 Re4 42. Ra7 Rf4 43. Kg3 Re4 44. Ra1 Ke7 45. Re1 Nf5+ 46. Bxf5 exf5 47. Kf2 Ke6 48. Nd2 Rxe1 49. Kxe1 f4 50. Kf2 Kf5 51. h4 Bh5 52. Kg2 Bd1 53. Nf3 Ke4 54. Ne5 Ke3 55. Kg1 Bh5 56. Kf1 f3 57. Nxc6 f2 0-1

[Event "Abel Cardona op"]
[Site "Cali"]
[Date "2000.12.21"]
[Round "8"]
[White "Perdomo, Carlos Andres"]
[Black "Barrios, Felix"]
[Result "1-0"]
[WhiteElo "2349"]
[BlackElo "2220"]
[PlyCount "69"]
[EventDate "2000.12.16"]
[EventType "swiss"]
[EventRounds "9"]
[EventCountry "COL"]
[SourceTitle "CBM 079 Extra"]
[Source "ChessBase"]
[SourceDate "2001.01.11"]
[SourceVersion "2"]
[SourceVersionDate "2001.01.25"]
[SourceQuality "1"]

1. c4 c5 2. Nc3 Nc6 3. g3 g6 4. Bg2 Bg7 5. e3 d6 6. Nge2 Nf6 7. b3 0-0 8. 0-0 Bd7 9. d4 a6 10. Bb2 Rb8 11. Rc1 e6 12. Qd2 Qa5 13. Rfd1 Rfd8 14. Qc2 Ne7 15. h3 h5 16. Qb1 Bc6 17. e4 cxd4 18. Nxd4 Be8 19. Qa1 e5 20. Nc2 Bh6 21. Rb1 b5 22. b4 Qc7 23. cxb5 axb5 24. Rd3 Nc8 25. Ne3 Bxe3 26. Rxe3 Nb6 27. Rd3 Qe7 28. Rbd1 Bc6 29. Qb1 h4 30. Bc1 Nh7 31. gxh4 Qxh4 32. Qb3 Qe7 33. h4 Rd7 34. Bh3 Ra7 35. Rg3 1-0

[Event "Bogota op olm select"]
[Site "Bogota"]
[Date "2000.07.24"]
[Round "6"]
[White "Acosta, Alejandro"]
[Black "Barrios, Felix"]
[Result "1-0"]
[WhiteElo "2346"]
[BlackElo "2220"]
[PlyCount "103"]
[EventDate "2000.07.19"]
[EventType "swiss"]
[EventRounds "11"]
[EventCountry "COL"]
[SourceTitle "EXT 2001"]
[Source "ChessBase"]
[SourceDate "2000.11.22"]
[SourceVersion "1"]
[SourceVersionDate "2000.11.22"]
[SourceQuality "1"]

1. e4 c5 2. Nf3 e6 3. d4 cxd4 4. Nxd4 Nc6 5. Nc3 Qc7 6. g3 a6 7. Bg2 Nf6 8. 0-0 Nxd4 9. Qxd4 Bc5 10. Bf4 d6 11. Qd2 h6 12. Rad1 e5 13. Be3 Be6 14. Bxc5 dxc5 15. Nd5 Bxd5 16. exd5 Qd6 17. c4 0-0 18. Rfe1 Rfe8 19. Qc3 b6 20. Re2 Ra7 21. Rde1 Rae7 22. Qa3 b5 23. Qb3 e4 24. cxb5 axb5 25. Qxb5 Qxd5 26. b3 Qg5 27. Re3 Rd8 28. h3 Rd2 29. a4 Qe5 30. a5 g6 31. a6 Kg7 32. Qa5 Qb2 33. Rf1 Qa2 34. Qxc5 Re6 35. a7 Rd5 36. Qc3 Qxa7 37. Rxe4 Rxe4 38. Bxe4 Ra5 39. Bg2 h5 40. Rd1 Ra2 41. Qd4 Qb8 42. b4 Ra6 43. b5 Qxb5 44. Bf1 Qa4 45. Bxa6 Qxa6 46. Rb1 Qe6 47. Rb6 Qf5 48. h4 Qf3 49. Qb2 Qf5 50. f4 Qc5+ 51. Kf1 Qe7 52. Qd4 1-0

[Event "COL-ch"]
[Site "Fusagasuga"]
[Date "1999.12.14"]
[Round "3"]
[White "Barrios, Felix"]
[Black "Clavijo, Jorge Mario"]
[Result "1/2-1/2"]
[WhiteElo "2225"]
[BlackElo "2388"]
[PlyCount "41"]
[EventDate "1999.12.12"]
[EventType "tourn"]
[EventRounds "11"]
[EventCountry "COL"]
[EventCategory "3"]
[SourceTitle "CBM 073 Extra"]
[Source "ChessBase"]
[SourceDate "2000.01.11"]
[SourceVersion "1"]
[SourceVersionDate "2000.01.11"]
[SourceQuality "1"]

1. e4 c6 2. d4 d5 3. exd5 cxd5 4. c4 Nf6 5. Nc3 g6 6. Qb3 Bg7 7. cxd5 0-0 8. Be2 Nbd7 9. Bf3 Nb6 10. Nge2 Bg4 11. Bxg4 Nxg4 12. a4 a5 13. h3 Nf6 14. Nf4 Qd6 15. 0-0 Rfd8 16. Rd1 Nfxd5 17. Nfxd5 Nxd5 18. Qxb7 Rab8 19. Qa7 Ra8 20. Qb7 Rab8 21. Qa7 1/2-1/2